• 首页
  • 本馆介绍
  • 公告通知
  • 最新文献
  • 馆藏检索
  • 电子资源
  • 读者导购
  • 参考咨询
  • 我的图书馆
  • 登录
  • 详细信息显示
  • 放入我的书架
  • 预约/预借图书
  • 作者相关作品
  • 分类相关作品
  • 丛书相关作品
  • 出版社相关作品

书目信息

  • 表格格式
  • 工作单格式
  • 卡片格式
题名:
条码国家标准汇编
    
 
作者: 本社编
分册:  
出版信息: 北京   中国标准出版社  2004.06
页数: 397页
开本: 26cm
丛书名:
单 册:
中图分类: TP391.44-65
科图分类:
主题词: 计算机应用
电子资源:
ISBN: 7-5066-3464-3
000 00566nam0 2200193 450
001 0782385704
005 20071212225403.97
010    @a7-5066-3464-3@dCNY78.00
100    @a20071212d2004 km y0chiy0120 ea
101 0  @achi
102    @aCN@b110000
200 1  @a条码国家标准汇编@Atiao ma guo jia biao zhun hui bian@f本社编@Fben she bian
210    @a北京@c中国标准出版社@d2004.06
215    @a397页@d26cm
606 0  @a计算机应用
690    @aTP391.44-65@v4
801  0 @aCN@b大连网信软件有限公司图书馆@c20071212
905    @aBZT@dTP391.44-65@e1
906    @dCNY78.00@n0@r1
    
    条码国家标准汇编/本社编.-北京:中国标准出版社,2004.06
    397页;26cm
    
    
    ISBN 7-5066-3464-3:CNY78.00
    
●
相关链接 在五车中查询图书 在当当中查询图书 在豆瓣中查询图书


正题名:条码国家标准汇编     索取号:TP391.44-65/1         预约/预借

序号 登录号 条形码 馆藏地/架位号 状态 备注
1 603870   2000603870   中心书库中库/ 中库026架B面5列1层15/ [索取号:TP391.44-65/1] 在馆    
2 603871   2000603871   中心书库中库/ 中库026架B面5列1层16/ [索取号:TP391.44-65/1] 在馆    
3 603872   2000603872   中心书库中库/ 中库026架B面5列1层17/ [索取号:TP391.44-65/1] 在馆    
4 603873   2000603873   中心书库中库/ 中库026架B面5列1层18/ [索取号:TP391.44-65/1] 在馆    
5 603874   2000603874   中心书库中库/ 中库026架B面5列1层19/ [索取号:TP391.44-65/1] 在馆    
山东省滨州职业学院图书馆 欢迎您!
大连网信软件有限公司© 版权所有